[Event "Titled Tuesday intern op 30th May Late"]
[Site "Chess.com INT"]
[Date "2023.05.30"]
[Round "7"]
[White "Cruz, Jonathan"]
[Black "Filgueira, Hernan"]
[Result "1/2-1/2"]
[WhiteElo "2328"]
[BlackElo "2283"]
[PlyCount "52"]
[EventDate "2023.05.30"]
[EventType "swiss (blitz)"]
[EventRounds "11"]
[EventCountry "USA"]
[SourceTitle "CBM 214 Extra"]
[Source "ChessBase"]
[SourceDate "2023.07.31"]
[SourceVersion "1"]
[SourceVersionDate "2023.07.31"]
[SourceQuality "1"]

1. Nf3 d5 2. d4 c6 3. c4 Nf6 4. Nc3 dxc4 5. e3 Bf5 6. Bxc4 e6 7. 0-0 Nbd7 8. Qe2 Bg4 9. e4 Bxf3 10. Qxf3 Nb6 11. Bb3 Qxd4 12. Rd1 Qe5 13. Bf4 Qh5 14. Qg3 Qg4 15. Qe3 Nfd7 16. h3 Qh5 17. Qg3 Qg6 18. Qxg6 hxg6 19. a4 a5 20. Rac1 Bb4 21. Be3 0-0 22. Ne2 Rfd8 23. Bg5 Re8 24. Be3 Red8 25. Bg5 Re8 26. Be3 Red8 1/2-1/2

[Event "Titled Tuesday intern op 30th May Late"]
[Site "Chess.com INT"]
[Date "2023.05.30"]
[Round "11"]
[White "Gatterer, Florian"]
[Black "Cruz, Jonathan"]
[Result "0-1"]
[WhiteElo "2170"]
[BlackElo "2328"]
[PlyCount "70"]
[EventDate "2023.05.30"]
[EventType "swiss (blitz)"]
[EventRounds "11"]
[EventCountry "USA"]
[SourceTitle "CBM 214 Extra"]
[Source "ChessBase"]
[SourceDate "2023.07.31"]
[SourceVersion "1"]
[SourceVersionDate "2023.07.31"]
[SourceQuality "1"]

1. e4 c6 2. d4 d5 3. e5 c5 4. dxc5 Nc6 5. a3 Nxe5 6. b4 e6 7. Bb2 Nd7 8. Nf3 Ngf6 9. c4 dxc4 10. Nbd2 Be7 11. Nxc4 0-0 12. Be2 Nd5 13. g3 Bf6 14. Qc2 a5 15. 0-0 axb4 16. axb4 Rxa1 17. Bxa1 Nxb4 18. Qb3 Na6 19. c6 bxc6 20. Nce5 Nxe5 21. Nxe5 Nc5 22. Qc2 Bxe5 23. Bxe5 Qd5 24. Ba1 Ba6 25. Bxa6 Nxa6 26. Rd1 Qf3 27. Rd3 Qe4 28. Qc3 f6 29. Rd7 Nb8 30. Rc7 Qd5 31. h4 Nd7 32. h5 Ne5 33. h6 gxh6 34. Qd4 Nf3+ 35. Kf1 Nxd4 0-1

[Event "Barcelona Canovelles op 17th"]
[Site "Barcelona"]
[Date "2023.05.07"]
[Round "4"]
[White "Hernando Rodrigo, Julio Antonio"]
[Black "Cruz, Jonathan"]
[Result "0-1"]
[WhiteElo "2240"]
[BlackElo "2328"]
[PlyCount "84"]
[EventDate "2023.05.07"]
[EventType "swiss (rapid)"]
[EventRounds "9"]
[EventCountry "ESP"]
[SourceTitle "CBM 214 Extra"]
[Source "ChessBase"]
[SourceDate "2023.07.31"]
[SourceVersion "1"]
[SourceVersionDate "2023.07.31"]
[SourceQuality "1"]

1. d4 Nf6 2. c4 g6 3. Nc3 d5 4. cxd5 Nxd5 5. e4 Nxc3 6. bxc3 Bg7 7. Nf3 c5 8. Rb1 0-0 9. Be2 Nd7 10. 0-0 b6 11. Bd3 Bb7 12. Qe2 e5 13. d5 Nf6 14. c4 Ne8 15. Bb2 Qe7 16. a4 Nd6 17. a5 Ba6 18. Bc3 Rab8 19. axb6 axb6 20. Qa2 Ra8 21. Qb3 Rfb8 22. Ra1 Bf6 23. Ra3 b5 24. Qa2 bxc4 25. Rxa6 Rxa6 26. Qxa6 cxd3 27. Qxd3 c4 28. Qc2 Nb5 29. Qb2 Rb7 30. Bxe5 c3 31. Bxf6 cxb2 32. Bxe7 Nc3 33. Nd2 Rxe7 34. f3 Ra7 35. d6 f6 36. f4 Kf7 37. e5 Ke6 38. Rf3 Ra1+ 39. Kf2 Ne4+ 40. Nxe4 b1Q 41. Nc5+ Kd5 42. d7 Qe1# 0-1

[Event "Titled Tuesday intern op 14th Feb Late"]
[Site "Chess.com INT"]
[Date "2023.02.14"]
[Round "3"]
[White "Cruz, Jonathan"]
[Black "Gurevich, Dmitry"]
[Result "1-0"]
[WhiteElo "2329"]
[BlackElo "2393"]
[PlyCount "145"]
[EventDate "2023.02.14"]
[EventType "swiss (blitz)"]
[EventRounds "11"]
[EventCountry "USA"]
[SourceTitle "CBM 212 Extra"]
[Source "ChessBase"]
[SourceDate "2023.03.31"]
[SourceVersion "1"]
[SourceVersionDate "2023.03.31"]
[SourceQuality "1"]

1. e4 c5 2. Nf3 d6 3. Bb5+ Bd7 4. Bxd7+ Qxd7 5. 0-0 Nc6 6. Re1 Nf6 7. c3 e6 8. d4 cxd4 9. cxd4 d5 10. e5 Ne4 11. Nbd2 Nxd2 12. Bxd2 Be7 13. Rc1 Rc8 14. Bg5 0-0 15. Qd3 h6 16. Bd2 Nb4 17. Bxb4 Bxb4 18. Red1 Rxc1 19. Rxc1 Rc8 20. Qd1 Bf8 21. g3 Rxc1 22. Qxc1 Qc6 23. Qd1 b5 24. Kg2 a5 25. b3 a4 26. Qd3 axb3 27. axb3 Ba3 28. h4 b4 29. h5 Bc1 30. Ng1 Qc3 31. Qd1 Qd2 32. Qxd2 Bxd2 33. Kf3 f6 34. Ke2 Bc3 35. Nf3 fxe5 36. dxe5 Kf7 37. Kd3 Ke7 38. g4 Kd7 39. Nd4 Ke7 40. f4 Kf7 41. f5 exf5 42. gxf5 Ke7 43. Ke3 Kf7 44. Nc6 Ke8 45. e6 Kf8 46. Kf4 Ke8 47. Ke3 Kf8 48. Kd3 Ke8 49. Nd4 Ke7 50. Nb5 Be1 51. Nc7 Bg3 52. Nxd5+ Kd6 53. Ke4 Bh4 54. Ne3 Kc5 55. Ng4 Kd6 56. Nh2 Be7 57. Nf3 Bf6 58. Ne1 Be7 59. Nd3 Kc6 60. Nf4 Bd6 61. Ng6 Bc5 62. f6 gxf6 63. Kf5 Bd4 64. Nf4 Kd6 65. Ne2 Be5 66. Ng1 Ke7 67. Nf3 Bd6 68. Nh4 Bc5 69. Ng6+ Kd6 70. Kxf6 Kd5 71. e7 Bxe7+ 72. Nxe7+ Kd4 73. Nc6+ 1-0

[Event "Titled Tuesday intern op 14th Feb Late"]
[Site "Chess.com INT"]
[Date "2023.02.14"]
[Round "6"]
[White "Cruz, Jonathan"]
[Black "Mendes, Aaron Reeve"]
[Result "1-0"]
[WhiteElo "2329"]
[BlackElo "2081"]
[PlyCount "63"]
[EventDate "2023.02.14"]
[EventType "swiss (blitz)"]
[EventRounds "11"]
[EventCountry "USA"]
[SourceTitle "CBM 212 Extra"]
[Source "ChessBase"]
[SourceDate "2023.03.31"]
[SourceVersion "1"]
[SourceVersionDate "2023.03.31"]
[SourceQuality "1"]

1. e4 c5 2. f4 d5 3. exd5 Qxd5 4. Nc3 Qd8 5. Nf3 e6 6. g3 Nf6 7. Bg2 Be7 8. 0-0 0-0 9. d3 Nc6 10. b3 a6 11. Bb2 Qc7 12. Ne4 Nd5 13. Qd2 b5 14. Rae1 Bb7 15. h3 Rad8 16. Kh2 c4 17. dxc4 Bb4 18. Qc1 Bxe1 19. cxd5 exd5 20. Nf6+ gxf6 21. Bxf6 Rd6 22. f5 Rxf6 23. Qg5+ Rg6 24. fxg6 fxg6 25. Rxe1 Qf7 26. Ne5 Nxe5 27. Rxe5 d4 28. Re7 Bxg2 29. Rxf7 Rxf7 30. Kxg2 Rd7 31. Qf6 Rc7 32. Qd8+ 1-0

[Event "Titled Tuesday intern op 15th Nov Early"]
[Site "Chess.com INT"]
[Date "2022.11.15"]
[Round "5"]
[White "Cruz, Jonathan"]
[Black "Ivic, Velimir"]
[Result "0-1"]
[WhiteElo "2329"]
[BlackElo "2560"]
[PlyCount "72"]
[EventDate "2022.11.15"]
[EventType "swiss (blitz)"]
[EventRounds "11"]
[EventCountry "USA"]
[SourceTitle "CBM 211 Extra"]
[Source "ChessBase"]
[SourceDate "2023.01.31"]
[SourceVersion "1"]
[SourceVersionDate "2023.01.31"]
[SourceQuality "1"]

1. e4 c5 2. Nf3 Nc6 3. Bb5 g6 4. 0-0 Bg7 5. Re1 e5 6. c3 Nge7 7. Na3 0-0 8. d3 a6 9. Bc4 b5 10. Bd5 d6 11. Bg5 Bb7 12. d4 exd4 13. cxd4 c4 14. e5 dxe5 15. Bxc6 Bxc6 16. d5 f6 17. dxc6 fxg5 18. Qxd8 Raxd8 19. c7 Rd7 20. Nxg5 Rf6 21. Rxe5 Rxc7 22. Rae1 Rf5 23. Rxf5 gxf5 24. Ne6 Rd7 25. Nxg7 Kxg7 26. Nc2 Kf6 27. Ne3 Rd2 28. Rb1 Nc6 29. a4 Ne5 30. axb5 axb5 31. g3 Nd3 32. b3 c3 33. Nd5+ Kg5 34. Nxc3 Nxf2 35. Nxb5 Kg4 36. Rf1 Ne4 0-1

[Event "Titled Tuesday intern op 15th Nov Early"]
[Site "Chess.com INT"]
[Date "2022.11.15"]
[Round "1"]
[White "Guimaraes, Wagner Peixoto"]
[Black "Cruz, Jonathan"]
[Result "1/2-1/2"]
[WhiteElo "2199"]
[BlackElo "2329"]
[PlyCount "133"]
[EventDate "2022.11.15"]
[EventType "swiss (blitz)"]
[EventRounds "11"]
[EventCountry "USA"]
[SourceTitle "CBM 211 Extra"]
[Source "ChessBase"]
[SourceDate "2023.01.31"]
[SourceVersion "1"]
[SourceVersionDate "2023.01.31"]
[SourceQuality "1"]

1. c4 c6 2. g3 d5 3. Bg2 Nf6 4. Qc2 e6 5. Nf3 Be7 6. d4 0-0 7. 0-0 Na6 8. b3 b6 9. Bb2 Bb7 10. Nbd2 c5 11. Ne5 Rc8 12. Qb1 cxd4 13. Bxd4 Nc5 14. e3 dxc4 15. Bxb7 Nxb7 16. Ndxc4 Qc7 17. Rc1 Qb8 18. Nd2 Nc5 19. Bxc5 Bxc5 20. Nec4 Qb7 21. Qd3 Rfd8 22. Qf1 Bb4 23. Nb1 Qe4 24. Nc3 Bxc3 25. Rxc3 Nd5 26. Nd6 Nxc3 27. Nxe4 Nxe4 28. Rd1 Rf8 29. Rd4 Nc3 30. Qa6 Rc7 31. Kg2 Nd5 32. Rc4 Re7 33. Qa3 Rd7 34. e4 Nf6 35. f3 Rfd8 36. Rc2 h5 37. Qb2 Rd3 38. Kf2 R3d7 39. Kg2 Kh7 40. Kf2 Kg8 41. Qe5 Kf8 42. Qb5 Kg8 43. Qe2 Rd3 44. Rb2 R3d7 45. Kg2 Ne8 46. Rc2 Nf6 47. Rb2 Ne8 48. Rc2 Nd6 49. Rd2 Ne8 50. Rxd7 Rxd7 51. Qb5 Rd2+ 52. Kf1 Nf6 53. Qa6 Rd7 54. Kg1 Kh7 55. a4 Rd1+ 56. Kf2 Rd2+ 57. Kg1 Rd7 58. a5 bxa5 59. Qxa5 Rb7 60. Qc3 Rb6 61. Kg2 Kg8 62. Qc8+ Kh7 63. Qc3 Rb7 64. Qd3 Kg8 65. Qc3 Rb6 66. Qc8+ Kh7 67. Qc3 1/2-1/2

[Event "Titled Tuesday intern op 27th Sep Early"]
[Site "Chess.com INT"]
[Date "2022.09.27"]
[Round "3"]
[White "Cruz, Jonathan"]
[Black "Kevlishvili, Robby"]
[Result "1/2-1/2"]
[WhiteElo "2347"]
[BlackElo "2532"]
[PlyCount "141"]
[EventDate "2022.09.27"]
[EventType "swiss (blitz)"]
[EventRounds "11"]
[EventCountry "USA"]
[SourceTitle "CBM 210 Extra"]
[Source "ChessBase"]
[SourceDate "2022.11.30"]
[SourceVersion "1"]
[SourceVersionDate "2022.11.30"]
[SourceQuality "1"]

1. e4 c5 2. Nf3 d6 3. g3 Nf6 4. d3 g6 5. Bg2 Bg7 6. 0-0 0-0 7. Re1 Nc6 8. c3 e5 9. Na3 h6 10. Nc2 Be6 11. d4 cxd4 12. cxd4 Bg4 13. h3 Bxf3 14. Bxf3 Re8 15. d5 Nd4 16. Nxd4 exd4 17. Bg2 Qb6 18. b3 Rac8 19. Bb2 Nd7 20. Qd2 Rc7 21. Rac1 Rec8 22. Rxc7 Rxc7 23. Rd1 d3 24. Bxg7 Rc2 25. Qe1 Kxg7 26. Rxd3 Rxa2 27. Re3 Ne5 28. Kh2 g5 29. f4 Ng6 30. Qc3+ Kh7 31. Qf6 Kg8 32. Rf3 Qc5 33. fxg5 Ne5 34. gxh6 Nxf3+ 35. Qxf3 Qd4 36. h7+ Kg7 37. Qh5 Kh8 38. Qxf7 Qg7 39. Qe8+ Kxh7 40. Qh5+ Kg8 41. Qe8+ Qf8 42. Qg6+ Kh8 43. Qh5+ Kg7 44. Qg5+ Kh7 45. Qh5+ Qh6 46. Qf7+ Qg7 47. Qh5+ Kg8 48. Qe8+ Qf8 49. Qg6+ Kh8 50. Qh5+ Kg7 51. Qg5+ Kf7 52. e5 dxe5 53. Qxe5 Qe7 54. Qf5+ Kg7 55. Qg4+ Kf8 56. Qf4+ Ke8 57. Qb8+ Kf7 58. Qf4+ Qf6 59. Qc7+ Kg6 60. Qc8 Qf2 61. Qg8+ Kf6 62. Qe6+ Kg7 63. Qe7+ Kg6 64. Qe6+ Kg7 65. Qe7+ Qf7 66. Qg5+ Qg6 67. Qe7+ Qf7 68. Qg5+ Qg6 69. Qe7+ Kg8 70. Qd8+ Kg7 71. Qe7+ 1/2-1/2

[Event "Titled Tuesday intern op 20th Sep Late"]
[Site "Chess.com INT"]
[Date "2022.09.20"]
[Round "2"]
[White "Cruz, Jonathan"]
[Black "Govender, Kaedan"]
[Result "1-0"]
[WhiteElo "2347"]
[BlackElo "1288"]
[PlyCount "119"]
[EventDate "2022.09.20"]
[EventType "swiss (blitz)"]
[EventRounds "11"]
[EventCountry "USA"]
[SourceTitle "EXT 2023"]
[Source "ChessBase"]
[SourceDate "2022.10.05"]
[SourceVersion "1"]
[SourceVersionDate "2022.10.05"]
[SourceQuality "1"]

1. e4 c5 2. Nf3 a6 3. c3 e6 4. d4 d5 5. e5 Nc6 6. Bd3 Be7 7. 0-0 f6 8. a3 fxe5 9. dxe5 Bd7 10. c4 d4 11. Nbd2 Qc7 12. Re1 0-0-0 13. Rb1 Nh6 14. Nf1 g5 15. Qe2 Nf7 16. h3 h5 17. g4 Rdg8 18. Ng3 hxg4 19. hxg4 Rh6 20. Bd2 Rgh8 21. b4 b6 22. Be4 Qd8 23. bxc5 Bxc5 24. Bb4 Qc7 25. Bxc5 bxc5 26. Rb2 Kd8 27. Reb1 Ke7 28. Rb7 Qc8 29. Bd3 Nfd8 30. R7b6 Qc7 31. Qe4 Ke8 32. Qe2 Kf8 33. Rxa6 Be8 34. Rbb6 Qg7 35. Qe4 Rh3 36. Rxc6 Qh6 37. Kf1 Bxc6 38. Rxc6 Nxc6 39. Qxc6 Qg7 40. Qxc5+ Qe7 41. Qxd4 R3h6 42. Qe3 Rg8 43. Nh5 Rg7 44. Nd4 Rf7 45. Qe4 Qxa3 46. Kg2 Qb2 47. Nf3 Rxh5 48. gxh5 Rf4 49. Qe3 Qb8 50. Nxg5 Rg4+ 51. Kh3 Rxg5 52. Qxg5 Qc7 53. Qf6+ Kg8 54. Qg6+ Kh8 55. Qh6+ Kg8 56. Qh7+ Kf8 57. Qxc7 Kg8 58. Qd6 Kh8 59. c5 Kg8 60. c6 1-0